Science in action. V 4 (Record no. 25105)
[ view plain ]
| 000 -LEADER | |
|---|---|
| fixed length control field | 00262nam a2200109Ia 4500 |
| 082 ## - DEWEY DECIMAL CLASSIFICATION NUMBER | |
| Classification number | 005 |
| Item number | SCI.4 |
| 100 ## - MAIN ENTRY--AUTHOR NAME | |
| Personal name | Parasnis, M A |
| 245 #0 - TITLE STATEMENT | |
| Title | Science in action. V 4 |
| 260 ## - PUBLICATION, DISTRIBUTION, ETC. (IMPRINT) | |
| Place of publication | Delhi |
| Name of publisher | Macmillan |
| Year of publication | 1977 |
| 942 ## - ADDED ENTRY ELEMENTS (KOHA) | |
| Koha item type | Books |
| Withdrawn status | Lost status | Damaged status | Not for loan | Home library | Current library | Date acquired | Cost, normal purchase price | Full call number | Accession Number | Koha item type |
|---|---|---|---|---|---|---|---|---|---|---|
| Weed out | RRII Library | RRII Library | 16/12/2021 | 7.00 | 005 SCI.4 | 05767 | Books |